Place the US State Borders - Statistics

General Stats
  • This quiz has been taken 50 times
  • The average score is 56 of 105
Answers on the Map
Answers color-coded by a green-red scale on the quiz's map according to % correct below.
 
Answer Stats
Answer % Correct
Nevada-Utah
87%
California-Nevada
82%
Arizona-California
77%
Arizona-New Mexico
77%
Colorado-New Mexico
77%
Colorado-Utah
72%
Arizona-Nevada
69%
Colorado-Kansas
69%
Kansas-Oklahoma
69%
Arizona-Utah
67%
California-Oregon
67%
Nevada-Oregon
67%
Alabama-Florida
62%
Alabama-Tennessee
62%
Idaho-Washington
62%
Kansas-Missouri
62%
Oklahoma-Texas
62%
Oregon-Washington
62%
Arkansas-Louisiana
59%
Colorado-Wyoming
59%
Idaho-Nevada
59%
Illinois-Indiana
59%
Illinois-Missouri
59%
Indiana-Michigan
59%
Indiana-Ohio
59%
Minnesota-South Dakota
59%
North Carolina-Virginia
59%
North Dakota-South Dakota
59%
Alabama-Mississippi
56%
Arkansas-Mississippi
56%
Arkansas-Oklahoma
56%
Delaware-Pennsylvania
56%
Georgia-South Carolina
56%
Georgia-Tennessee
56%
Idaho-Utah
56%
Kentucky-Missouri
56%
Kentucky-Ohio
56%
Kentucky-Tennessee
56%
Maryland-Virginia
56%
North Carolina-South Carolina
56%
Alabama-Georgia
54%
Arkansas-Missouri
54%
Delaware-Maryland
54%
Illinois-Iowa
54%
Maryland-West Virginia
54%
Mississippi-Tennessee
54%
Montana-Wyoming
54%
Nebraska-Wyoming
54%
New Jersey-Pennsylvania
54%
New Mexico-Texas
54%
Tennessee-Virginia
54%
Connecticut-Massachusetts
51%
Connecticut-Rhode Island
51%
Georgia-North Carolina
51%
Idaho-Wyoming
51%
Indiana-Kentucky
51%
Iowa-Nebraska
51%
Kansas-Nebraska
51%
Utah-Wyoming
51%
Virginia-West Virginia
51%
Arkansas-Tennessee
49%
Connecticut-New York
49%
Florida-Georgia
49%
Idaho-Oregon
49%
Iowa-Minnesota
49%
Iowa-Missouri
49%
Iowa-Wisconsin
49%
Louisiana-Mississippi
49%
Massachusetts-New Hampshire
49%
Massachusetts-New York
49%
Missouri-Tennessee
49%
Nebraska-South Dakota
49%
New Jersey-New York
49%
New Mexico-Oklahoma
49%
New York-Pennsylvania
49%
North Carolina-Tennessee
49%
Ohio-West Virginia
49%
Pennsylvania-West Virginia
49%
South Dakota-Wyoming
49%
Colorado-Oklahoma
46%
Kentucky-Virginia
46%
Kentucky-West Virginia
46%
Louisiana-Texas
46%
Maine-New Hampshire
46%
Maryland-Pennsylvania
46%
Massachusetts-Rhode Island
46%
Minnesota-North Dakota
46%
Montana-North Dakota
46%
Montana-South Dakota
46%
New Hampshire-Vermont
46%
New York-Vermont
46%
Ohio-Pennsylvania
46%
Arkansas-Texas
44%
Colorado-Nebraska
44%
Idaho-Montana
44%
Iowa-South Dakota
44%
Massachusetts-Vermont
44%
Michigan-Ohio
44%
Minnesota-Wisconsin
44%
Missouri-Nebraska
44%
Illinois-Kentucky
41%
Michigan-Wisconsin
41%
Missouri-Oklahoma
41%
Illinois-Wisconsin
38%
Delaware-New Jersey
36%
No matching quizzes found
Score Distribution
Percent of People with Each Score
Percentile by Number Answered
Your Score History
You have not taken this quiz